| 000 | 00879nam a22002535a 4500 | ||
|---|---|---|---|
| 005 | 20201128023941.0 | ||
| 008 | 161027t2015 njua frb 001 0 eng d | ||
| 020 | _a9781118873878 | ||
| 040 |
_aEG-ScBUE _beng _cEG-ScBUE _dEG-ScBUE |
||
| 082 | 0 | 4 |
_a658.15 _bVAL _222 |
| 245 | 0 | 0 |
_aValuation : _bmeasuring and managing the value of companies / _cMcKinsey & Company ... [et al.] |
| 250 | _a6th ed., University ed. | ||
| 260 |
_aHoboken : _bJohn Wiley & Sons, Inc., _cc.2015. |
||
| 300 |
_axvii, 871 p. : _bill. ; _c26 cm. |
||
| 500 | _aIndex : p. 855-871. | ||
| 504 | _aIncludes bibliographical references. | ||
| 590 | _aSuzan Ashmawy and revised by Rahma Essa. | ||
| 650 | 7 |
_aCorporations _xValuation. _2BUEsh _91291 |
|
| 650 | 7 |
_2BUEsh _aBusiness. _919142 |
|
| 651 | _2BUEsh | ||
| 653 |
_bBUSECO _cOctober2016 _cNovember2016 |
||
| 710 | 2 | _aMcKinsey & Company. | |
| 942 | _2ddc | ||
| 999 |
_c22876 _d22848 |
||